00523nai a2200157Ia 4500003000900000008004100009022002200050022002300072040001600095245003000111260003400141310001100175362002600186521006900212856008400281IN-BaIIA211028c9999 xx s 000 0 eng d a0037-0746 (Print) a1365-3091 (Online) cIIA Library 0aSedimentologyh[eJournal] aNew JerseybJohn Wiley & Sons a7/year a44(1); 1997 - Present bSubscribed through National Knowledge Resource Consortium (NKRC) uhttps://onlinelibrary.wiley.com/journal/13653091yClick Here to Access eJournal